<?xml version="1.0" encoding="UTF-8"?>
<record
    xmlns:xsi="http://www.w3.org/2001/XMLSchema-instance"
    xsi:schemaLocation="http://www.loc.gov/MARC21/slim http://www.loc.gov/standards/marcxml/schema/MARC21slim.xsd"
    xmlns="http://www.loc.gov/MARC21/slim">

  <leader>00866nam0a2200277   4500</leader>
  <controlfield tag="001">RU\NLR\BIBL_A\011900819</controlfield>
  <controlfield tag="005">20250626145553.0</controlfield>
  <datafield tag="010" ind1=" " ind2=" ">
    <subfield code="9">7170</subfield>
  </datafield>
  <datafield tag="035" ind1=" " ind2=" ">
    <subfield code="a">(NLR Aleph) 011900819</subfield>
  </datafield>
  <datafield tag="090" ind1=" " ind2=" ">
    <subfield code="a">13420227</subfield>
    <subfield code="c">13420227</subfield>
  </datafield>
  <datafield tag="100" ind1=" " ind2=" ">
    <subfield code="a">20181225d1948    |||y0rusy50      ca</subfield>
  </datafield>
  <datafield tag="101" ind1="0" ind2=" ">
    <subfield code="a">kir</subfield>
  </datafield>
  <datafield tag="102" ind1=" " ind2=" ">
    <subfield code="a">KG</subfield>
  </datafield>
  <datafield tag="105" ind1=" " ind2=" ">
    <subfield code="a">a   z   000gy</subfield>
  </datafield>
  <datafield tag="200" ind1="1" ind2=" ">
    <subfield code="a">&#x416;&#x430;&#x448;&#x442;&#x44B;&#x43D; &#x442;&#x435;&#x43B;&#x435;&#x433;&#x438;</subfield>
    <subfield code="f">&#x410;. &#x422;&#x43E;&#x43A;&#x442;&#x43E;&#x43C;&#x443;&#x448;&#x435;&#x432;</subfield>
    <subfield code="g">[c&#x4AF;&#x440;&#x473;&#x442;. &#x415;. &#x418;. &#x421;&#x443;&#x448;&#x43A;&#x43E;&#x432;]</subfield>
  </datafield>
  <datafield tag="210" ind1=" " ind2=" ">
    <subfield code="a">&#x424;&#x440;&#x443;&#x43D;&#x437;&#x435;</subfield>
    <subfield code="c">&#x41A;&#x44B;&#x440;&#x433;&#x44B;&#x437;&#x43C;&#x430;&#x43C;&#x431;&#x430;&#x441;</subfield>
    <subfield code="d">1948</subfield>
  </datafield>
  <datafield tag="215" ind1=" " ind2=" ">
    <subfield code="a">15,[1] c.</subfield>
    <subfield code="c">&#x438;&#x43B;.</subfield>
    <subfield code="d">15</subfield>
  </datafield>
  <datafield tag="541" ind1="1" ind2=" ">
    <subfield code="a">&#x41C;&#x435;&#x447;&#x442;&#x44B; &#x44E;&#x43D;&#x43E;&#x448;&#x435;&#x439;</subfield>
    <subfield code="z">rus</subfield>
  </datafield>
  <datafield tag="686" ind1="1" ind2=" ">
    <subfield code="a">&#x428;9(2)7=&#x41A;&#x438;-5</subfield>
  </datafield>
  <datafield tag="700" ind1=" " ind2="1">
    <subfield code="a">&#x422;&#x43E;&#x43A;&#x442;&#x43E;&#x43C;&#x443;&#x448;&#x435;&#x432;</subfield>
    <subfield code="b">&#x410;.</subfield>
    <subfield code="c">&#x43F;&#x43E;&#x44D;&#x442;</subfield>
    <subfield code="f">1912-1995</subfield>
    <subfield code="g">&#x410;&#x431;&#x434;&#x440;&#x430;&#x441;&#x443;&#x43B;</subfield>
    <subfield code="4">070</subfield>
  </datafield>
  <datafield tag="702" ind1=" " ind2="1">
    <subfield code="a">&#x421;&#x443;&#x448;&#x43A;&#x43E;&#x432;</subfield>
    <subfield code="b">&#x415;. &#x418;.</subfield>
    <subfield code="4">040</subfield>
  </datafield>
  <datafield tag="852" ind1=" " ind2=" ">
    <subfield code="a">NLR</subfield>
    <subfield code="b">&#x41E;&#x41D;&#x41B;</subfield>
    <subfield code="j">&#x41A;&#x438;&#x440;&#x433;./2-768</subfield>
  </datafield>
  <datafield tag="852" ind1=" " ind2=" ">
    <subfield code="a">NLR</subfield>
    <subfield code="b">&#x41E;&#x41D;&#x41B;</subfield>
    <subfield code="j">&#x41A;&#x438;&#x440;&#x433;./2-768</subfield>
  </datafield>
  <datafield tag="942" ind1=" " ind2=" ">
    <subfield code="c">BOOK</subfield>
  </datafield>
  <datafield tag="980" ind1=" " ind2=" ">
    <subfield code="a">NB</subfield>
  </datafield>
  <datafield tag="995" ind1=" " ind2=" ">
    <subfield code="5">2018-12-25</subfield>
    <subfield code="b">NLR01</subfield>
    <subfield code="c">NLR01</subfield>
    <subfield code="e">ONL01</subfield>
    <subfield code="f">1-2412066</subfield>
    <subfield code="k">&#x41E;&#x41D;&#x41B; &#x41A;&#x438;&#x440;&#x433;./2-768</subfield>
    <subfield code="o">0</subfield>
    <subfield code="r">BOOK</subfield>
    <subfield code="s">_2768</subfield>
  </datafield>
  <datafield tag="995" ind1=" " ind2=" ">
    <subfield code="5">2018-12-25</subfield>
    <subfield code="b">NLR01</subfield>
    <subfield code="c">NLR01</subfield>
    <subfield code="e">ONL01</subfield>
    <subfield code="f">1-2412067</subfield>
    <subfield code="k">&#x41E;&#x41D;&#x41B; &#x41A;&#x438;&#x440;&#x433;./2-768</subfield>
    <subfield code="o">0</subfield>
    <subfield code="r">BOOK</subfield>
    <subfield code="s">_2768</subfield>
  </datafield>
</record>
